Agenda 2016/2017 del medi ambient i el desenvolupament / fotografies: Montse Coll ; dibuix i disseny: Jordi Sales fotografies: Montse Coll ; dibuix i disseny: Jordi Sales
Publicado:
Barcelona :
Diputació de Barcelona. Àrea de Territori i Sostenibilitat. Gerència de Serveis de Medi Ambient ,
2016
Descripción Física:
143 pàgines : il·lustracions ; 21 cm
Idioma:
Catalán
MARC
| LEADER | 00000nam a2200000Ia 4500 | ||
|---|---|---|---|
| 001 | 25919 | ||
| 008 | 220614b spa||||| |||| 00| 0 cat d | ||
| 017 | |a DL B 12252-2016 | ||
| 080 | |a Bib-660 | ||
| 245 | |a Agenda 2016/2017 del medi ambient i el desenvolupament / |b fotografies: Montse Coll ; dibuix i disseny: Jordi Sales | ||
| 260 | |a Barcelona : |b Diputació de Barcelona. Àrea de Territori i Sostenibilitat. Gerència de Serveis de Medi Ambient, |c 2016 | ||
| 300 | |a 143 pàgines : |b il·lustracions ; |c 21 cm | ||
| 590 | |a Títol obtingut de la coberta | ||
| 650 | 0 | |a Desenvolupament sostenible |9 23028 | |
| 650 | 0 | |a Educació ambiental |9 30861 | |
| 655 | 0 | |a Agendes |9 52728 | |
| 700 | |9 50286 |a Sales, Jordi |q (Sales i Roqueta) |e il·lustracions | ||
| 700 | |9 53438 |a Coll, Montse |e fotografies | ||
| 710 | 1 | |a Barcelona (Catalunya : Província). |b Gerència de Serveis de Medi Ambient |9 53088 | |
| 901 | |a Arxiu | ||
| 942 | |n 1 |2 udc |c ARXIU | ||
| 952 | |0 0 |1 0 |4 0 |6 BIB660 |7 1 |9 62380 |a Arxiu |b Arxiu |d 2022-06-14 |l 0 |o Bib-660 |p 25919 |r 2022-06-14 00:00:00 |w 2022-06-14 |y ARXIU | ||
| 999 | |c 82032 |d 82032 | ||